000 00637nam a2200241Ia 4500
003 OSt
005 20220918174618.0
006 a|||||r|||| 00| 0
007 ta
008 220917b |||||||| |||| 00| 0 eng d
024 _a13,110
037 _cTextual
040 _aARTS
_cARTS
_beng
041 _2eng
_aeng
082 _a/\2:3, 111L92 (P15)
100 _aSivananda
_950484
245 0 _aPractice of yoga
260 _aShivanandanagar
_bDivine Life Society
_c1979
300 _axix,479p.
_ccm.
650 _aSPIRITUALISM
942 _h/\2:3, 111L92 (P15)
_cTEXL
_2CC
999 _c153930
_d153930